Statistics for Guess The Country By Its Most Populated city

Click here to take the quiz!

General Stats

  • This quiz has been taken 21 times
  • The average score is 12 of 16

Answer Stats

Answer% Correct
China
100%
Usa
100%
France
95%
India
95%
Canada
90%
Uk
90%
Italy
80%
Spain
80%
Argentina
70%
Australia
70%
Brazil
70%
Mexico
65%
Indonesia
55%
South Africa
50%
Pakistan
40%
Portugal
35%

Score Distribution

Percentile by Number Answered

Percent of People with Each Score

Your Score History

You have not taken this quiz